Field methods in archaeology /

محفوظ في:

المؤلف الرئيسي: Hester, Thomas R. (مؤلف)

مؤلفون آخرون: Graham, John A. 1764-1841., Heizer, Robert F. 1915-1979.

التنسيق: كتاب

اللغة: English

منشور في: Palo Alto, California : Mayfield Pub. Co., c1975.

الطبعة: 6th ed.

الموضوعات:

الوسوم: إضافة وسم

لا توجد وسوم, كن أول من يضع وسما على هذه التسجيلة!

رقم الطلب: CC75 .H45 1975

LEADER 01157namaa2200289 4500
001 12063
003 OSt
005 20240815064546.0
008 130303s1975 caua b 001 0 eng d
952 |0 0  |1 0  |2 lcc  |4 0  |6 CC0075 H45 01975  |7 1  |9 15853  |a ARCE  |b ARCE  |d 2021-06-05  |l 0  |o CC75 .H45 1975  |p 1011530  |r 2021-06-05 00:00:00  |w 2021-06-05  |y BK 
999 |c 12329  |d 12329 
010 |a 7433732 
020 |a 0874843235 
040 |c ARCE Library 
050 4 |a CC75 .H45 1975 
100 1 |a Hester, Thomas R.,  |e author  |9 32001 
245 1 0 |a Field methods in archaeology /  |c Thomas R. Hester, Robert F. Heizer, John A. Graham. 
250 |a 6th ed. 
264 1 |a Palo Alto, California :  |b Mayfield Pub. Co.,  |c c1975. 
300 |a vii, 408 pages :  |b illustrations ;  |c 23 cm. 
500 |a First edition, by R.F. Heizer, published in 1949 under title : A manual of archaeological field methods.  
504 |a Includes bibliographical references (pages 319-389) and indexes.  
650 0 |a Archaeology  |x Methodology. 
700 1 |a Graham, John A.  |q (John Andrew),  |d 1764-1841. 
700 1 |a Heizer, Robert F.  |q (Robert Fleming),  |d 1915-1979.   |9 31879 
901 |a reviewed 
942 |c BK  |2 lcc